Statistics for Top 15 Countries with Covid-19 Cases - 14 November

Click here to take the quiz!

General Stats

  • This quiz has been taken 18 times
  • The average score is 19 of 25

Answer Stats

country% Correct
India
100%
Spain
100%
United Kingdom
100%
United States
100%
Brazil
94%
France
94%
Germany
94%
Italy
94%
Argentina
88%
Colombia
88%
Mexico
88%
Russia
88%
Iran
82%
Belgium
76%
Chile
76%
Peru
76%
Czechia
65%
Israel
59%
South Africa
59%
Armenia
53%
Kuwait
53%
Panama
53%
Qatar
53%
Bahrain
47%
Switzerland
41%

Score Distribution

Percentile by Number Answered

Percent of People with Each Score

Your Score History

You have not taken this quiz